LEADER 01242nam a2200265 i 4500 001 000000157903 003 CaOOAMICUS 005 20070517000000.0 008 070517s1962 it u000 u lat u 013 $a135264 040 $aSeMil$bita 100 1 $aCaesar, Gaius Iulius,$d.$0(OLS)http://semarc/name/8120 245 10$aLibri 7. De Bello Gallico cum A. Hirti supplemento :$bPars prior qua continentur. 260 $aOxonii :$bE Typographeo Clarendoniano,$c1962. 300 $a1 v. 490 0 $aScriptorum classicorum bibliotheca Oxoniensis 773 0 $aCaesar, Gaius Iulius $tC. Iuli Caesaris commentariorum.$dOxonii : E Typographeo Clarendoniano, [1961]-$g1$w()17841 830 0$aScriptorum classicorum bibliotheca Oxoniensis.$0(OLS)http://semarc/title/23159 850 $aSeMil 852 $aSeMil$W1$xVenegono$y1$m1X III 212$j109578$B109578$CSeMilBibl$Z2$F123358 $81 900 0 $aGiulio Cesare. 961 $aOmaggio: De Grandi don Marcello 996 $6245$aLibri 7. De Bello Gallico cum A. Hirti supplemento :$bPars prior qua continentur$9(OLS)http://semarc/title/231666 996 $6260$aOxonii :$bE Typographeo Clarendoniano$9(OLS)http://semarc/publisher/30099 LEADER 00961nam a2200229 i 4500 001 000000181899 003 CaOOAMICUS 005 20090924000000.0 008 090924s1955 it u000 u ita u 013 $a159817 040 $aSeMil$bita 100 0 $aPius XII,$c.$0(OLS)http://semarc/name/6093 245 10$aTredicesimo anno di pontificato :$b2 marzo 1951-1. marzo 1952. 300 $aXV, 576 p. ;$c24 cm. 773 0 $aPius XII $tDiscorsi e radio messaggi di Sua Santitą Pio 12.$dCittą del Vaticano : Tipografia Poliglotta Vaticana, stampa 1948.$gVol.13$w()22062 850 $aSeMil 852 $aSeMil$W1$xVenegono$y1$m2A V 224$j132603$B132603$CSeMilBibl$Z2$F144438 $81 900 1 $aPacelli, Eugenio,$d<1876-1958>. 900 0 $aPio XII$c. 996 $6245$aTredicesimo anno di pontificato :$b2 marzo 1951-1. marzo 1952$9(OLS)http://semarc/title/261032